|
|
|
|
| LEADER |
01619nam a2200457 4500 |
| 001 |
ocn860524823 |
| 003 |
OCoLC |
| 005 |
20170729031204.7 |
| 006 |
m o d |
| 007 |
cr ||||||||||| |
| 008 |
130320s2013 enk ob 001 0 eng d |
| 040 |
|
|
|a NLE
|b eng
|e rda
|e pn
|c NLE
|d OCLCO
|d OCLCQ
|d OCLCF
|d DG1
|d KOS
|d OCLCO
|d GrThAP
|
| 020 |
|
|
|a 9781119421450
|q (electronic bk.)
|
| 020 |
|
|
|a 1119421454
|q (electronic bk.)
|
| 020 |
|
|
|z 1118313909
|
| 020 |
|
|
|z 9781118313909
|
| 035 |
|
|
|a (OCoLC)860524823
|
| 050 |
|
4 |
|a RK55.S53
|
| 082 |
0 |
4 |
|a 617.6026
|2 23
|
| 049 |
|
|
|a MAIN
|
| 100 |
1 |
|
|a Ganda, Kanchan M.,
|e author.
|
| 245 |
1 |
0 |
|a Dentist's guide to medical conditions, medications and complications /
|c by Kanchan M. Ganda.
|
| 250 |
|
|
|a 2nd edition.
|
| 264 |
|
1 |
|a Chichester :
|b Wiley-Blackwell,
|c 2013.
|
| 300 |
|
|
|a 1 online resource (1 volume)
|
| 336 |
|
|
|a text
|b txt
|2 rdacontent
|
| 337 |
|
|
|a computer
|b c
|2 rdamedia
|
| 338 |
|
|
|a online resource
|b cr
|2 rdacarrier
|
| 504 |
|
|
|a Includes bibliographical references and index.
|
| 650 |
|
2 |
|a Dental Care.
|
| 650 |
|
2 |
|a Chronic Disease.
|
| 650 |
|
0 |
|a Chronically ill
|x Dental care.
|
| 650 |
|
0 |
|a Sick
|x Dental care.
|
| 650 |
|
0 |
|a Oral manifestations of general diseases.
|
| 650 |
|
7 |
|a Chronically ill
|x Dental care.
|2 fast
|0 (OCoLC)fst00860152
|
| 650 |
|
7 |
|a Oral manifestations of general diseases.
|2 fast
|0 (OCoLC)fst01047086
|
| 650 |
|
7 |
|a Sick
|x Dental care.
|2 fast
|0 (OCoLC)fst01118038
|
| 655 |
|
4 |
|a Electronic books.
|
| 776 |
0 |
8 |
|i Print version:
|z 9781118313893
|
| 856 |
4 |
0 |
|u https://doi.org/10.1002/9781119421450
|z Full Text via HEAL-Link
|
| 994 |
|
|
|a 92
|b DG1
|